| 000 | 00789nam a2200205 4500 | ||
|---|---|---|---|
| 003 | LK-CoMWRAF | ||
| 005 | 20240122122410.0 | ||
| 008 | 230908b2007 |||||||| |||| 00| 0 eng d | ||
| 020 | _a9789559180081 | ||
| 040 |
_aLK-CoMWRAF _dLK-CoMWRAF _eLK-CoMWRAF |
||
| 041 | _asin | ||
| 082 |
_a494.81 _bSUS |
||
| 100 |
_aසුසීන්දිරරාජා, එස් _vSuseendiraraja, S |
||
| 110 | _aනිල්ලෛයිනාදන්, එස් | ජයකොඩි, අබේසිංහ | ||
| 245 | _aකථන දෙමළ බස | ||
| 246 | _aKathana demala basa | ||
| 300 |
_aකොළඹ : _bරාජ්ය භාෂා දෙපාර්ථමේන්තුව, _c2007 |
||
| 856 | _uhttps://www.languagesdept.gov.lk/web/images/PDF/publication/Book%2001.pdf | ||
| 942 | _cBK | ||
| 999 |
_c3478 _d3478 |
||